书目信息 |
| 题名: |
制版照相术
|
|
| 作者: | Golpon , 戈尔庞 著 ;石怀恩 译 | |
| 分册: | ||
| 出版信息: | 北京 印刷工业出版社 1981 |
|
| 页数: | 477页 | |
| 开本: | 21cm | |
| 丛书名: | ||
| 单 册: | ||
| 中图分类: | TS823 | |
| 科图分类: | ||
| 主题词: | 平版制版-制版照相 , 制版照相-平版制版 | |
| 电子资源: | ||
| ISBN: | ||
| 000 | 00823nam0 2200289 45 | |
| 001 | 0181006844 | |
| 005 | 20060722152733.39 | |
| 010 | @dCNY1.80 | |
| 091 | @aCN@b15266.008 | |
| 100 | @a19950412d1981 emky0chiy0121 ea | |
| 101 | 1 | @achi@cger |
| 102 | @aCN@b110000 | |
| 105 | @ay z 000yy | |
| 200 | 10 | @a制版照相术@Azhi ban zhao xiang shu@f(德)戈尔庞(R.Golpon)等著@g石怀恩等译 |
| 210 | @a北京@c印刷工业出版社@d1981 | |
| 215 | @a477页@d21cm | |
| 300 | @a书名原文:Reproduktions Fotografie | |
| 510 | 1 | @aReproduktions Fotografie@zger |
| 606 | @a平版制版-制版照相 | |
| 606 | @a制版照相-平版制版 | |
| 690 | @aTS823@v3 | |
| 701 | A1 | @aGolpon@bR.@4著 |
| 701 | 1 | @a戈尔庞@Age er pang@bR.@4著 |
| 702 | 0 | @a石怀恩@Ashi huai en@4译 |
| 801 | 2 | @aCN@bNLC@c20060722 |
| 801 | 0 | @aCN@bTSSF |
| 905 | @a10447@dTS823@e36 | |
| 制版照相术/(德)戈尔庞(R.Golpon)等著/石怀恩等译.-北京:印刷工业出版社,1981 |
| 477页;21cm |
| 书名原文:Reproduktions Fotografie |
| ISBN :CNY1.80 |
| ● |
| 相关链接 |
|
|
|
|
正题名:制版照相术
索取号:TS823/36
 
预约/预借
| 序号 | 登录号 | 条形码 | 馆藏地/架位号 | 状态 | 备注 |
| 1 | 0437437 | 204374373 | 密集书库/ [索取号:TS823/36] | 在馆 | |
| 2 | 0437438 | 204374382 | 密集书库/ [索取号:TS823/36] | 在馆 |